000 00364nam a22001217a 4500
999 _c1880
_d1880
005 20200904142343.0
008 200904b ||||| |||| 00| 0 eng d
020 _a0713511095
040 _cCML
245 _aProgressive Table Tennis.
_cCarrington, J.
260 _aLondon
_bBell & Hyman Limited
_c1970
942 _2ddc
_cBK
_e1st Edition
_h796.346
_mCAR